000 00222nam a2200097Ia 4500
008 190216s9999||||xx |||||||||||||| ||und||
100 _aK C Abdul Salam
245 0 _aMoulana Azad
260 _bMoohim Publicaion
942 _cBK
999 _c24600
_d24600